Médaillés d'or français aux JO de Paris 2024 - Statistiques

Statistiques générales
  • Ce quiz a été pris 46 fois
    34 depuis la dernière actualisation
  • Le résultat moyen est 5 sur 6
Statistiques - réponses
Par images Réponse % Correct
Léon Marchand
94%
Rugby à 7
88%
Cassandre Beaugrand
75%
Manon Apithy-Brunet
69%
Pauline Ferrand-Prévot
69%
Nicolas Gestin
59%
Aucun quiz correspondant
Distribution des résultats
% des personnes avec chaque résultat
Percentile par nombre de réponses
Votre historique - résultats
Vous n’avez pas pris ce quiz depuis la dernière actualisation